Szczegóły MARC21

Sag's besser! : Teil 1 und 2 Schlüssel /

005 -DATA I CZAS OSTATNIEJ MODYFIKACJI [,]
    • @
    • pole kontrolne
    • 20070315155141.9
020 -Międzynarod. znormalizowany nr książki - ISBN [ , ]
    • a
    • Numer ISBN
    • 3190174539 Find
040 -Instytucja sporządzająca opis [ , ]
    • a
    • Instytucja, która sporządziła opis (NP)
    • SZCZ U
    • c
    • Instytucja, która sporządziła rekord (NP)
    • SZCZ U
041 -Język dokumentu [0, ]
    • a
    • Język tekstu (P)
    • niemiecki
    • h
    • Język tekstu oryginalnego i/lub pośredniego (P)
    • niemiecki
942 -Rodzaj dokumentu [ , ]
    • c
    • Rodzaj dokumentu
    • Książka
100 -Hasło główne - nazwa osobowa [ , ]
    • a
    • Nazwa osobowa (NP)
    • FÖLDEAK, HANS
245 -Strefa tytułu i oznaczenia odpowiedzialności [1, ]
    • a
    • Tytuł
    • Sag's besser! : Find
    • b
    • Ciąg dalszy tytułu (NP)
    • Teil 1 und 2 Schlüssel / Find
    • c
    • Pozostałe elementy strefy tytułu i oznaczenia odpowiedzialności (NP)
    • Hans Földeak.
260 -Strefa adresu wydawniczego [ , ]
    • a
    • Miejsce wydania (P)
    • Ismaning :
    • b
    • Nazwa wydawcy (P)
    • M.Niemeyer,
    • c
    • Data wydania (P)
    • 2001.
300 -Strefa opisu fizycznego [ , ]
    • a
    • Określenie formy książki i/lub objętość (NP)
    • 49 s. :
    • c
    • Format (NP)
    • 24 cm.
490 -Strefa serii i książki wielotomowej - forma nie do wyszukiwania [0, ]
    • a
    • Tytuł (P)
    • (Deutsch Üben ; Find
    • v
    • Numeracja (P)
    • 5/6)
080 -Uniwersalna Klasyfikacja Dziesiętna [ , ]
    • a
    • Symbol klasyfikacji
    • 803.0-07=30
980 -Symbol UKD [ , ]
    • a
    • UKD
    • 803.0-07=30
920 -ISBN [ , ]
    • a
    • ISBN
    • 3-19017453-9 Find
Data inwentaryzacji Status udost. Sygnatura Numer inwentarzowy Lokalizacja
2006-02-171GERM. Nauka jęz.-gramatyka 04G.17813BM